| 000 | 01807ngm a22003730a 4500 | ||
|---|---|---|---|
| 001 | PT26222 | ||
| 003 | AR-LpoUNG | ||
| 005 | 20210202000407.0 | ||
| 007 | vd cvaizq | ||
| 008 | 191001s2006||||ag |||||||||||||||||spa d | ||
| 040 |
_aAR-LpoUNG _bspa _cAR-LpoUNG _eaacr |
||
| 041 | _aspa | ||
| 044 | _aag | ||
| 082 | 0 | _a304.809 186c7-8 | |
| 100 | 1 |
_aCampanella, Juan José _edir. |
|
| 245 | 1 | 0 |
_aVientos de agua : _bcapítulos 7 y 8 |
| 260 |
_aBuenos Aires : _bTelecinco - 100 Bares, _c2006. |
||
| 300 | _aDVD (140 min.) : son., col. | ||
| 520 | _aCapítulo7: 1945:Andrés vuelve a tener un reencuentro con su pasado a través de una persona muy cercana a él, a quien creía muerta, que tiene un fuerte impacto en su vida actual y en la de su familia. 2002: Ernesto ya está trabajando (aún ilegalmente) en un estudio de arquitectura. Se mete en líos con una prostituta senegalesa que trata de huir de sus rufianes. Capítulo 8: 1947: Aparece en las vidas de Andrés y Sophie un músico de incierto pasado, de quien tienen motivos para sospechar que viene huyendo de Alemania post-nazi. Los anarquistas tienen serios problemas con la ley y la actuación de Vidal en esas circunstancias tiene impacto sobre lo que sucede en el presente. 2002: Andrés le pide a su hijo Ernesto que busque al hijo de Vidal, quien vive en Madrid, para explicarle cosas del pasado de su padre que quedaron confusas. Ernesto recibe, además, una visita inesperada. | ||
| 650 | 4 | _aARGENTINA | |
| 650 | 4 | _aASPECTOS POLITICOS | |
| 650 | 4 | _aESPAÑA | |
| 650 | 4 | _aHISTORIA SOCIAL | |
| 650 | 4 | _aINMIGRACION | |
| 650 | 4 | _aINMIGRANTES | |
| 650 | 4 | _aMIGRACION | |
| 650 | 4 | _aMIGRANTES | |
| 651 | 4 | _aArgentina | |
| 653 | _aCINE ARGENTINO | ||
| 653 | _aDVD | ||
| 653 | _aVIDEOS | ||
| 905 | _a26222 | ||
| 942 | _cDVD | ||
| 999 |
_c54769 _d54769 |
||